| 000 | 00406nam a2200181Ia 4500 | ||
|---|---|---|---|
| 001 | 8255 | ||
| 005 | 20260306160555.0 | ||
| 008 | 260306t1962||||xx |||||||||||||| ||spa|| | ||
| 041 | _aESP | ||
| 082 |
_a370.152 _bM85 |
||
| 100 |
_aMoor, Paul _eAUT |
||
| 245 | 0 | _aPsicopedagogía terapeútica | |
| 260 | _c1962 | ||
| 300 |
_apágs. : _ccm. |
||
| 650 | _aGEN | ||
| 654 | _aCED | ||
| 942 |
_cLIB _dJUS _fJUS _2ddc _n |
||
| 999 |
_c8255 _d8255 |
||